|
|
|
|
| LEADER |
00000nam0a2200000 4500 |
| 001 |
276538 |
| 005 |
20231101234929.0 |
| 020 |
|
|
|a RU
|b 86-14202
|
| 035 |
|
|
|a (RuTPU)RU\TPU\book\299810
|
| 090 |
|
|
|a 276538
|
| 100 |
|
|
|a 20141124d1986 k y0rusy5003 ca
|
| 101 |
0 |
|
|a rus
|
| 102 |
|
|
|a RU
|
| 105 |
|
|
|a a z 001zy
|
| 200 |
1 |
|
|a Гибкие волноводы в технике СВЧ
|f под ред. Э. А. Альховского
|
| 210 |
|
|
|a Москва
|c Радио и связь
|d 1986
|
| 215 |
|
|
|a 127 с.
|c ил.
|
| 320 |
|
|
|a Библиогр.: с. 122-126 (118 назв.)
|
| 606 |
1 |
|
|a Волноводы
|2 stltpush
|3 (RuTPU)RU\TPU\subj\3526
|9 31928
|
| 610 |
1 |
|
|a радиоволноводы сверхвысокочастотные
|
| 610 |
1 |
|
|a СВЧ
|
| 610 |
1 |
|
|a электродинамические характеристики
|
| 610 |
1 |
|
|a характеристики
|
| 610 |
1 |
|
|a применение
|
| 675 |
|
|
|a 621.372.8
|z rus
|v 4
|
| 702 |
|
1 |
|a Альховский
|b Э. А.
|g Эдуард Александрович
|4 340
|
| 801 |
|
0 |
|a RU
|b RuMRKP
|c 19950704
|g psbo
|
| 801 |
|
1 |
|a RU
|b 63413507
|c 20141124
|
| 801 |
|
2 |
|a RU
|b 63413507
|c 20221209
|g RCR
|
| 942 |
|
|
|c BK
|